[Event "GRE-chT 50th"]
[Site "Nikaia"]
[Date "2023.08.29"]
[Round "6.3"]
[White "Pavlidis, Anastasios"]
[Black "Ballas, Kleon Evangelos"]
[Result "0-1"]
[WhiteElo "2289"]
[BlackElo "1942"]
[PlyCount "66"]
[EventDate "2023.08.25"]
[EventType "team"]
[EventRounds "9"]
[EventCountry "GRE"]
[SourceTitle "EXT 2024"]
[Source "ChessBase"]
[SourceDate "2023.10.10"]
[SourceVersion "1"]
[SourceVersionDate "2023.10.10"]
[SourceQuality "1"]
[WhiteTeam "Irakleiou"]
[BlackTeam "Kalamarias"]
[WhiteTeamCountry "GRE"]
[BlackTeamCountry "GRE"]

1. e4 c6 2. Nc3 d5 3. Nf3 Bg4 4. h3 Bxf3 5. Qxf3 e6 6. d3 Nf6 7. Bd2 Be7 8. 0-0-0 d4 9. Ne2 c5 10. g4 Nfd7 11. Qg3 Nc6 12. g5 b5 13. h4 c4 14. Kb1 Qb6 15. Nc1 Rb8 16. h5 Nc5 17. Be2 c3 18. bxc3 Na4 19. cxd4 b4 20. Nb3 Nc3+ 21. Bxc3 bxc3 22. g6 Nxd4 23. Bg4 Bd6 24. gxf7+ Kf8 25. Qe3 Qb4 26. h6 g6 27. Qg5 Qa3 28. Qc1 Nxb3 29. cxb3 Rxb3+ 30. Ka1 Rb2 31. Bxe6 Bf4 32. Qb1 Rxb1+ 33. Rxb1 c2 0-1

[Event "Titled Tuesday intern op 22nd Aug Early"]
[Site "Chess.com INT"]
[Date "2023.08.22"]
[Round "2"]
[White "Eynullayev, Atilla Elshan"]
[Black "Pavlidis, Anastasios"]
[Result "1-0"]
[WhiteElo "2265"]
[BlackElo "2289"]
[PlyCount "141"]
[EventDate "2023.08.22"]
[EventType "swiss (blitz)"]
[EventRounds "11"]
[EventCountry "USA"]
[SourceTitle "EXT 2024"]
[Source "ChessBase"]
[SourceDate "2023.10.10"]
[SourceVersion "1"]
[SourceVersionDate "2023.10.10"]
[SourceQuality "1"]

1. d4 d5 2. c4 e6 3. Nc3 h6 4. Nf3 Nf6 5. cxd5 exd5 6. Bf4 Bd6 7. Bg3 0-0 8. e3 c5 9. dxc5 Bxc5 10. Bd3 Nc6 11. 0-0 Be6 12. h3 Qd7 13. Rc1 Bd6 14. Bxd6 Qxd6 15. Nb5 Qd7 16. Kh2 Rad8 17. Nbd4 Ne4 18. Qa4 Nxd4 19. Qxd4 a6 20. Rc2 Qd6+ 21. Kg1 Bf5 22. Rfc1 Rfe8 23. Rc7 Re7 24. Rxe7 Qxe7 25. Qb6 Rc8 26. Rxc8+ Bxc8 27. Qd4 Qc5 28. Qe5 Qc1+ 29. Kh2 Nf6 30. Qb8 g6 31. Qe5 Qc6 32. Nd4 Qb6 33. g4 Kg7 34. Kg3 Bd7 35. h4 Bxg4 36. f3 Bd7 37. h5 Kh7 38. hxg6+ Kg7 39. gxf7 Kxf7 40. Bf5 Bxf5 41. Nxf5 Qd8 42. Nxh6+ Kg6 43. Nf5 Kf7 44. Nd6+ Kf8 45. Kf2 Qe7 46. Qxe7+ Kxe7 47. Nxb7 Kd7 48. Nc5+ Kc6 49. Nxa6 Kb5 50. Nc7+ Kc6 51. Ne6 Kd6 52. Nd4 Kc5 53. Ke2 Kc4 54. Kd2 Nd7 55. b3+ Kb4 56. a4 Nc5 57. Kc2 Na6 58. f4 Nc5 59. f5 Ne4 60. Kb2 Nf6 61. Nc6+ Kc5 62. Ne7 Kd6 63. Ng6 Kc5 64. Ka3 Ne4 65. b4+ Kc4 66. a5 Kb5 67. Ne5 Nd2 68. f6 Nb1+ 69. Kb3 d4 70. exd4 Nd2+ 71. Kc3 1-0

[Event "Titled Tuesday intern op 22nd Aug Early"]
[Site "Chess.com INT"]
[Date "2023.08.22"]
[Round "4"]
[White "Pavlidis, Anastasios"]
[Black "Erzhanov, Arman"]
[Result "0-1"]
[WhiteElo "2289"]
[BlackElo "2175"]
[PlyCount "72"]
[EventDate "2023.08.22"]
[EventType "swiss (blitz)"]
[EventRounds "11"]
[EventCountry "USA"]
[SourceTitle "EXT 2024"]
[Source "ChessBase"]
[SourceDate "2023.10.10"]
[SourceVersion "1"]
[SourceVersionDate "2023.10.10"]
[SourceQuality "1"]

1. d4 d6 2. e4 Nf6 3. Nc3 c6 4. Nf3 Bg4 5. h3 Bxf3 6. Qxf3 e6 7. Bd3 d5 8. e5 Nfd7 9. 0-0 c5 10. Nxd5 exd5 11. Qxd5 Nc6 12. c3 cxd4 13. cxd4 Ndxe5 14. Qxd8+ Rxd8 15. Re1 Rxd4 16. Bb5 Kd8 17. Be3 Rd5 18. Rad1 Rxd1 19. Rxd1+ Kc7 20. Bf4 f6 21. Bg3 Bd6 22. f4 Ng6 23. Rf1 Re8 24. h4 Re4 25. Bd3 Re3 26. Bxg6 hxg6 27. Be1 Re2 28. Bc3 Bb4 29. Bxb4 Nxb4 30. Rc1+ Rc2 31. Rxc2+ Nxc2 32. Kf2 Nb4 33. Ke3 Nxa2 34. g4 Kd6 35. f5 gxf5 36. g5 fxg5 0-1

[Event "Titled Tuesday intern op 22nd Aug Early"]
[Site "Chess.com INT"]
[Date "2023.08.22"]
[Round "5"]
[White "Tabuenca Mendataurigoitia, Daniel"]
[Black "Pavlidis, Anastasios"]
[Result "0-1"]
[WhiteElo "2359"]
[BlackElo "2289"]
[PlyCount "100"]
[EventDate "2023.08.22"]
[EventType "swiss (blitz)"]
[EventRounds "11"]
[EventCountry "USA"]
[SourceTitle "EXT 2024"]
[Source "ChessBase"]
[SourceDate "2023.10.10"]
[SourceVersion "1"]
[SourceVersionDate "2023.10.10"]
[SourceQuality "1"]

1. e4 d6 2. d4 Nf6 3. Nc3 Nbd7 4. Nge2 e5 5. h3 c6 6. g4 h6 7. Bg2 Be7 8. 0-0 b5 9. a3 a5 10. Be3 Rb8 11. Ng3 g6 12. f4 h5 13. g5 Ng8 14. h4 f6 15. b4 exf4 16. Bxf4 fxg5 17. hxg5 Bxg5 18. Qf3 Bxf4 19. Qxf4 Qf6 20. Qxf6 Ngxf6 21. e5 dxe5 22. dxe5 Ng4 23. Bxc6 Ngxe5 24. Rae1 Kd8 25. Bxb5 axb4 26. axb4 h4 27. Nge4 h3 28. Nd6 h2+ 29. Kh1 Rh3 30. Rxe5 Nxe5 31. Nd5 Rxb5 32. Rf8+ Kd7 33. Nxb5 Bb7 34. Nbc7 Ng4 35. Rf7+ Kd6 36. c4 Rg3 37. Nb5+ Ke5 38. Rf1 Bxd5+ 39. cxd5 Kxd5 40. Nc7+ Kc6 41. Ne6 Kd5 42. Nf4+ Ke4 43. Nxg6 Ne3 44. Rf4+ Kd3 45. Ne5+ Ke2 46. Kxh2 Rg5 47. Nf7 Rh5+ 48. Kg3 Rg5+ 49. Kh4 Rg7 50. Nh6 Ng2+ 0-1

[Event "Titled Tuesday intern op 25th Apr Early"]
[Site "Chess.com INT"]
[Date "2023.04.25"]
[Round "5"]
[White "Kuchava, Ana"]
[Black "Pavlidis, Anastasios"]
[Result "1-0"]
[WhiteElo "2101"]
[BlackElo "2310"]
[PlyCount "99"]
[EventDate "2023.04.25"]
[EventType "swiss (blitz)"]
[EventRounds "11"]
[EventCountry "USA"]
[SourceTitle "EXT 2024"]
[Source "ChessBase"]
[SourceDate "2023.10.10"]
[SourceVersion "1"]
[SourceVersionDate "2023.10.10"]
[SourceQuality "1"]

1. d4 d5 2. Nf3 e6 3. c4 h6 4. Nc3 Nf6 5. Bf4 Bd6 6. Bxd6 Qxd6 7. e3 0-0 8. Bd3 c5 9. cxd5 exd5 10. h3 c4 11. Bc2 a6 12. 0-0 b5 13. a3 Re8 14. Ne5 Bb7 15. f4 Nbd7 16. Rf3 Ne4 17. Bxe4 dxe4 18. Rg3 Nf6 19. Ng4 Nxg4 20. Qxg4 Qf6 21. Rf1 Rad8 22. f5 Re7 23. Ne2 Bc8 24. Rf4 Rde8 25. Nc3 Bb7 26. d5 a5 27. Nxe4 Rxe4 28. Rxe4 Rd8 29. Rd4 Rxd5 30. Qf4 Kh7 31. Kh2 Rxf5 32. Qc7 Qc6 33. Qxc6 Bxc6 34. Rd6 Be4 35. Rb6 Rf2 36. Rxb5 Bd3 37. Rb6 a4 38. Rb7 h5 39. Rf3 Rxf3 40. gxf3 Bc2 41. Rxf7 Bb3 42. Rc7 Kg6 43. Kg3 Kg5 44. Rxg7+ Kh6 45. Rc7 Kg5 46. h4+ Kh6 47. Kf4 Kg6 48. e4 Kh6 49. e5 Kg6 50. Rc6+ 1-0

[Event "Titled Tuesday intern op 25th Apr Early"]
[Site "Chess.com INT"]
[Date "2023.04.25"]
[Round "1"]
[White "Pavlidis, Anastasios"]
[Black "Domingo Nunez, Ruben"]
[Result "0-1"]
[WhiteElo "2310"]
[BlackElo "2401"]
[PlyCount "50"]
[EventDate "2023.04.25"]
[EventType "swiss (blitz)"]
[EventRounds "11"]
[EventCountry "USA"]
[SourceTitle "EXT 2024"]
[Source "ChessBase"]
[SourceDate "2023.10.10"]
[SourceVersion "1"]
[SourceVersionDate "2023.10.10"]
[SourceQuality "1"]

1. d4 g6 2. e4 Bg7 3. Nf3 c6 4. Nc3 d5 5. e5 f6 6. exf6 Nxf6 7. Bd3 Bg4 8. h3 Bxf3 9. Qxf3 0-0 10. Qe2 Qd6 11. g3 Nbd7 12. Bf4 Qb4 13. 0-0-0 Rae8 14. a3 Qb6 15. h4 e5 16. dxe5 Nh5 17. e6 Nxf4 18. gxf4 Nc5 19. h5 Nxe6 20. hxg6 Nxf4 21. Qg4 h6 22. Rde1 Qxf2 23. Nd1 Nxd3+ 24. cxd3 Rxe1 25. Rxe1 Qxe1 0-1

[Event "Titled Tuesday intern op 25th Apr Early"]
[Site "Chess.com INT"]
[Date "2023.04.25"]
[Round "2"]
[White "Pavlidis, Anastasios"]
[Black "Mortazavi, Ali"]
[Result "0-1"]
[WhiteElo "2310"]
[BlackElo "2333"]
[PlyCount "82"]
[EventDate "2023.04.25"]
[EventType "swiss (blitz)"]
[EventRounds "11"]
[EventCountry "USA"]
[SourceTitle "EXT 2024"]
[Source "ChessBase"]
[SourceDate "2023.10.10"]
[SourceVersion "1"]
[SourceVersionDate "2023.10.10"]
[SourceQuality "1"]

1. e4 c6 2. Nf3 d5 3. Nc3 dxe4 4. Nxe4 Nf6 5. Nxf6+ exf6 6. d4 Bd6 7. Bd3 0-0 8. 0-0 Bg4 9. h3 Bh5 10. c3 Nd7 11. Be3 Re8 12. Re1 Nf8 13. Qd2 Bxf3 14. gxf3 Bc7 15. Bf4 Ne6 16. Bxc7 Qxc7 17. Bf5 Nf4 18. h4 g6 19. Bc2 Kg7 20. Re4 Rxe4 21. fxe4 Re8 22. Qe3 g5 23. Kh1 h6 24. Rg1 Ng6 25. hxg5 hxg5 26. Kg2 Rh8 27. Kf1 Qb6 28. b4 Qa6+ 29. Qe2 Qxa2 30. e5 Qa1+ 31. Bd1 Qxc3 32. exf6+ Kf8 33. Rxg5 Rh1+ 34. Rg1 Qh3+ 35. Ke1 Rxg1+ 36. Kd2 Qf1 37. Qf3 Qe1+ 38. Kc2 Rf1 39. Qg3 Qxf2+ 40. Qxf2 Rxf2+ 41. Kd3 Rxf6 0-1

[Event "Titled Tuesday intern op 25th Apr Early"]
[Site "Chess.com INT"]
[Date "2023.04.25"]
[Round "11"]
[White "Torres Dominguez, David"]
[Black "Pavlidis, Anastasios"]
[Result "0-1"]
[WhiteElo "1987"]
[BlackElo "2310"]
[PlyCount "98"]
[EventDate "2023.04.25"]
[EventType "swiss (blitz)"]
[EventRounds "11"]
[EventCountry "USA"]
[SourceTitle "EXT 2024"]
[Source "ChessBase"]
[SourceDate "2023.10.10"]
[SourceVersion "1"]
[SourceVersionDate "2023.10.10"]
[SourceQuality "1"]

1. e4 c6 2. Nf3 d5 3. d3 dxe4 4. dxe4 Qxd1+ 5. Kxd1 Bg4 6. Be2 Nd7 7. Nfd2 Bxe2+ 8. Kxe2 Ngf6 9. f3 0-0-0 10. Nb3 e5 11. Be3 c5 12. N1d2 b6 13. a4 Nb8 14. Nc4 Nc6 15. c3 Kb7 16. Rhd1 Be7 17. Bg5 a6 18. Bxf6 gxf6 19. Rxd8 Rxd8 20. Rd1 Rxd1 21. Kxd1 Bd8 22. Ne3 Ne7 23. Nd2 Kc6 24. Kc2 b5 25. axb5+ axb5 26. c4 Ba5 27. cxb5+ Kxb5 28. Ndc4 Bc7 29. b3 Nc6 30. Nf5 Nd4+ 31. Nxd4+ cxd4 32. Nb2 Bd6 33. Nd3 h5 34. Kd1 h4 35. Ke2 Kc6 36. Kf2 Kd7 37. g3 hxg3+ 38. Kxg3 Ke6 39. Kg4 Bf8 40. Kh5 f5 41. Kg5 Be7+ 42. Kh5 fxe4 43. fxe4 f5 44. exf5+ Kxf5 45. b4 e4 46. Nc5 Bxc5 47. bxc5 d3 48. c6 d2 49. c7 d1Q+ 0-1

[Event "GRE-chT 49th"]
[Site "Thessaloniki"]
[Date "2022.08.16"]
[Round "6.7"]
[White "Pavlidis, Anastasios"]
[Black "Banikas, Hristos"]
[Result "0-1"]
[WhiteElo "2309"]
[BlackElo "2598"]
[PlyCount "52"]
[EventDate "2022.08.12"]
[EventType "team-swiss"]
[EventRounds "7"]
[EventCountry "GRE"]
[SourceTitle "CBM 209 Extra"]
[Source "ChessBase"]
[SourceDate "2022.09.30"]
[SourceVersion "1"]
[SourceVersionDate "2022.09.30"]
[SourceQuality "1"]
[WhiteTeam "Chania Kethon"]
[BlackTeam "Erakleioe Attikes"]
[WhiteTeamCountry "GRE"]
[BlackTeamCountry "GRE"]

1. d4 Nf6 2. c4 g6 3. Nc3 Bg7 4. e4 d6 5. Nf3 0-0 6. Be2 e5 7. Be3 c6 8. d5 Na6 9. 0-0 Ng4 10. Bg5 f6 11. Bd2 f5 12. Ng5 Nf6 13. Qc2 h6 14. Ne6 Bxe6 15. dxe6 f4 16. Rfd1 Qe7 17. b4 Nxb4 18. Qb3 Na6 19. Na4 Nxe4 20. Qd3 Nxd2 21. Qxd2 Rfd8 22. Rab1 Rab8 23. Bg4 h5 24. Bh3 Nc7 25. Qd3 Kh7 26. Nc3 Nxe6 0-1

[Event "GRE-chT 49th"]
[Site "Thessaloniki"]
[Date "2022.08.14"]
[Round "4.6"]
[White "Pavlidis, Anastasios"]
[Black "Vlachos, Anatole"]
[Result "0-1"]
[WhiteElo "2309"]
[BlackElo "2430"]
[PlyCount "70"]
[EventDate "2022.08.12"]
[EventType "team-swiss"]
[EventRounds "7"]
[EventCountry "GRE"]
[SourceTitle "CBM 209 Extra"]
[Source "ChessBase"]
[SourceDate "2022.09.30"]
[SourceVersion "1"]
[SourceVersionDate "2022.09.30"]
[SourceQuality "1"]
[WhiteTeam "Chania Kethon"]
[BlackTeam "Thessaloniki ES"]
[WhiteTeamCountry "GRE"]
[BlackTeamCountry "GRE"]

1. d4 d5 2. c4 e6 3. Nf3 Nf6 4. Nc3 Be7 5. Bf4 0-0 6. e3 c5 7. dxc5 Bxc5 8. a3 Nc6 9. Qc2 Qa5 10. Rd1 Re8 11. Bg3 e5 12. cxd5 Nd4 13. Qd2 Bf5 14. Bc4 b5 15. Nxb5 Qa4 16. Nfxd4 exd4 17. b3 dxe3 18. fxe3 Qa6 19. Nd4 Qxa3 20. 0-0 Ne4 21. Qc1 Nxg3 22. hxg3 Bg4 23. Qxa3 Bxa3 24. Rd3 Rad8 25. d6 Rf8 26. Nb5 Bc5 27. Kf2 Rfe8 28. Ke1 Bb4+ 29. Kf2 Bf5 30. Rdd1 Bc5 31. Nd4 Bg4 32. Kg1 Rxe3 33. Rxf7 Kh8 34. Kf2 Re4 35. Rf4 Rxf4+ 0-1

[Event "GRE-chT 49th"]
[Site "Thessaloniki"]
[Date "2022.08.13"]
[Round "3.10"]
[White "Nagy, Gabor"]
[Black "Pavlidis, Anastasios"]
[Result "1/2-1/2"]
[WhiteElo "2504"]
[BlackElo "2309"]
[PlyCount "120"]
[EventDate "2022.08.12"]
[EventType "team-swiss"]
[EventRounds "7"]
[EventCountry "GRE"]
[SourceTitle "CBM 209 Extra"]
[Source "ChessBase"]
[SourceDate "2022.09.30"]
[SourceVersion "1"]
[SourceVersionDate "2022.09.30"]
[SourceQuality "1"]
[WhiteTeam "Asos Rodou Hippotis"]
[BlackTeam "Chania Kethon"]
[WhiteTeamCountry "GRE"]
[BlackTeamCountry "GRE"]

1. d4 d5 2. Nf3 e6 3. c4 h6 4. e3 Nf6 5. Nc3 a6 6. a3 dxc4 7. Bxc4 b5 8. Bd3 c5 9. dxc5 Bxc5 10. 0-0 Bb7 11. Qe2 Nbd7 12. e4 Rc8 13. Bf4 g5 14. Bg3 Nh5 15. Rad1 Nxg3 16. hxg3 Qc7 17. Kh1 Ne5 18. a4 Nxd3 19. Qxd3 b4 20. Nb1 0-0 21. Nbd2 Rfd8 22. Qe2 Bf8 23. b3 Qc2 24. Ne1 Qc3 25. Nef3 Qd3 26. Qxd3 Rxd3 27. Ne5 Rdd8 28. f3 f5 29. exf5 exf5 30. Ndc4 Bg7 31. Nd7 Bc6 32. Ndb6 Rb8 33. Rfe1 Bd4 34. Re6 Bxb6 35. Rxd8+ Rxd8 36. Nxb6 Bb7 37. Rg6+ Kh7 38. Rf6 Kg7 39. Rxf5 Rd3 40. Rc5 Rc3 41. Nc4 Kf6 42. Kh2 g4 43. fxg4 Be4 44. Nd2 Bc2 45. Ra5 Rc6 46. Rd5 Ke6 47. Rh5 Ke7 48. a5 Rd6 49. Re5+ Kf6 50. Re2 Rd5 51. Ne4+ Bxe4 52. Rxe4 Rxa5 53. Rxb4 Ra1 54. Rc4 Kg5 55. b4 Rb1 56. Rd4 Kg6 57. Rd6+ Kg5 58. Rxa6 Rxb4 59. Rc6 Rb1 60. Rc5+ Kxg4 1/2-1/2

[Event "Titled Tuesday intern op 05th Jul Early"]
[Site "Chess.com INT"]
[Date "2022.07.05"]
[Round "3"]
[White "Kucuksari, Kaan"]
[Black "Pavlidis, Anastasios"]
[Result "0-1"]
[WhiteElo "2398"]
[BlackElo "2296"]
[PlyCount "94"]
[EventDate "2022.07.05"]
[EventType "swiss (blitz)"]
[EventRounds "11"]
[EventCountry "USA"]
[SourceTitle "CBM 209 Extra"]
[Source "ChessBase"]
[SourceDate "2022.09.30"]
[SourceVersion "1"]
[SourceVersionDate "2022.09.30"]
[SourceQuality "1"]

1. d4 d5 2. c4 e6 3. Nf3 h6 4. g3 Nf6 5. Bg2 Bd6 6. 0-0 0-0 7. Nc3 Nc6 8. b3 dxc4 9. bxc4 e5 10. c5 exd4 11. Nxd4 Bxc5 12. Nxc6 bxc6 13. Bxc6 Bh3 14. Bg2 Bxg2 15. Kxg2 Qe8 16. Qd3 Qc6+ 17. Qf3 Qxf3+ 18. Kxf3 Bd4 19. Bd2 Rfd8 20. Rfd1 Nd5 21. Nxd5 Bxa1 22. Bf4 c6 23. Ne7+ Kf8 24. Bd6 Rxd6 25. Rxd6 Kxe7 26. Rxc6 Be5 27. Ke4 Kd7 28. Ra6 Bc7 29. Ra3 Re8+ 30. Kf3 Bb6 31. Rd3+ Kc6 32. h4 Re6 33. e3 Rd6 34. Rc3+ Kb5 35. Rc8 a5 36. h5 Rf6+ 37. Kg2 Kb4 38. e4 Rxf2+ 39. Kh3 Rxa2 40. Rg8 Bd4 41. Rb8+ Kc4 42. Rb7 Rf2 43. Rc7+ Bc5 44. e5 a4 45. e6 fxe6 46. Rxg7 a3 47. Rg8 a2 0-1

[Event "Titled Tuesday intern op 05th Jul Early"]
[Site "Chess.com INT"]
[Date "2022.07.05"]
[Round "1"]
[White "Pavlidis, Anastasios"]
[Black "Jia, Haoxiang"]
[Result "0-1"]
[WhiteElo "2296"]
[BlackElo "2331"]
[PlyCount "116"]
[EventDate "2022.07.05"]
[EventType "swiss (blitz)"]
[EventRounds "11"]
[EventCountry "USA"]
[SourceTitle "CBM 209 Extra"]
[Source "ChessBase"]
[SourceDate "2022.09.30"]
[SourceVersion "1"]
[SourceVersionDate "2022.09.30"]
[SourceQuality "1"]

1. e4 c5 2. Nf3 d6 3. d4 cxd4 4. Nxd4 Nf6 5. Nc3 g6 6. Be3 Bg7 7. f3 0-0 8. Qd2 Nc6 9. 0-0-0 d5 10. Nxc6 bxc6 11. Bh6 Rb8 12. h4 Qb6 13. b3 Qa5 14. Bxg7 Kxg7 15. e5 Nh5 16. g4 Ng3 17. Rh3 Nxf1 18. Rxf1 h5 19. Rg3 Rh8 20. f4 Bxg4 21. f5 d4 22. Qxd4 Rb4 23. Qd7 Qxe5 24. Qd3 Rd4 25. Qe3 Qxe3+ 26. Rxe3 Bxf5 27. Rxe7 Rxh4 28. Nd1 Rh3 29. Ne3 Bg4 30. Rfxf7+ Kh6 31. Rxa7 Rd8 32. Nc4 Bf3 33. Ne5 Bd5 34. Rf6 Rg8 35. Nxc6 Bxc6 36. Rxc6 h4 37. Rcc7 Rh8 38. a4 Rh1+ 39. Kb2 h3 40. Rc3 g5 41. Rd7 Kh5 42. Rd5 Kh4 43. a5 h2 44. a6 Rb1+ 45. Ka2 h1Q 46. Rd4+ g4 47. Rcc4 Ra1+ 48. Kb2 Qe1 49. Rxg4+ Kh3 50. Rge4 Qc1+ 51. Kc3 Rxa6 52. Rcd4 Rg6 53. Rd3+ Rg3 54. Rxg3+ Kxg3 55. Rd4 Qa1+ 56. Kd2 Qxd4+ 57. Ke2 Rh2+ 58. Kf1 Qd1# 0-1

[Event "Titled Tuesday intern op 05th Jul Early"]
[Site "Chess.com INT"]
[Date "2022.07.05"]
[Round "2"]
[White "Pavlidis, Anastasios"]
[Black "Tasev, Dejan"]
[Result "1-0"]
[WhiteElo "2296"]
[BlackElo "2188"]
[PlyCount "75"]
[EventDate "2022.07.05"]
[EventType "swiss (blitz)"]
[EventRounds "11"]
[EventCountry "USA"]
[SourceTitle "CBM 209 Extra"]
[Source "ChessBase"]
[SourceDate "2022.09.30"]
[SourceVersion "1"]
[SourceVersionDate "2022.09.30"]
[SourceQuality "1"]

1. e4 e5 2. Nf3 Nc6 3. Bb5 a6 4. Ba4 Nf6 5. 0-0 b5 6. Bb3 Be7 7. d3 d6 8. a4 Bb7 9. Nc3 b4 10. Nd5 a5 11. Nxe7 Nxe7 12. Re1 Ng6 13. Bg5 h6 14. Be3 c5 15. c3 0-0 16. d4 Nxe4 17. Qc2 cxd4 18. cxd4 Rc8 19. Qb1 Kh7 20. h4 exd4 21. Bxd4 f5 22. h5 Nh4 23. Nxh4 Qxh4 24. Qd3 Qxh5 25. Rac1 Qg6 26. f3 Nc5 27. Qd1 Nxb3 28. Qxb3 Rxc1 29. Rxc1 Re8 30. Rc7 Rg8 31. Rxb7 Qg5 32. Qc2 Qf4 33. Qd3 Qc1+ 34. Kf2 Qg5 35. g3 h5 36. Rf7 h4 37. Qxf5+ Qxf5 38. Rxf5 1-0

[Event "Titled Tuesday intern op 05th Jul Early"]
[Site "Chess.com INT"]
[Date "2022.07.05"]
[Round "8"]
[White "Pavlidis, Anastasios"]
[Black "Weishaeutel, Moritz"]
[Result "0-1"]
[WhiteElo "2296"]
[BlackElo "2400"]
[PlyCount "92"]
[EventDate "2022.07.05"]
[EventType "swiss (blitz)"]
[EventRounds "11"]
[EventCountry "USA"]
[SourceTitle "CBM 209 Extra"]
[Source "ChessBase"]
[SourceDate "2022.09.30"]
[SourceVersion "1"]
[SourceVersionDate "2022.09.30"]
[SourceQuality "1"]

1. Nf3 Nf6 2. g3 e6 3. b3 d5 4. Bb2 c5 5. Bg2 Nc6 6. 0-0 Be7 7. c4 d4 8. e3 0-0 9. exd4 cxd4 10. d3 Ne8 11. Re1 f6 12. Nbd2 e5 13. a3 a5 14. Rb1 Nc7 15. Ne4 Ne6 16. Ned2 Nc5 17. Bf1 Bf5 18. Ne4 Bxe4 19. dxe4 Qb6 20. b4 axb4 21. axb4 Nxb4 22. Bc1 Nca6 23. Bd2 Qc6 24. Nh4 g6 25. Qg4 Qc8 26. Nf5 Kh8 27. Bh6 Rg8 28. Nd6 Bxd6 29. Qh4 g5 30. Qh5 Qe8 31. Qf3 Qg6 32. c5 Bxc5 33. Bc4 Qxh6 34. Bxg8 Rxg8 35. Rec1 b6 36. Ra1 Qg6 37. Qe2 d3 38. Qf3 g4 39. Qd1 Qxe4 40. Qb3 Nc7 41. Ra7 Ncd5 42. Qa4 d2 43. Rf1 Qe1 44. Qb5 d1Q 45. Rxh7+ Kxh7 46. Qd7+ Kh8 0-1

[Event "NATO-ch 32nd"]
[Site "Tartu"]
[Date "2022.06.28"]
[Round "2"]
[White "Pavlidis, Anastasios"]
[Black "Hernandez, Albert Ryan"]
[Result "1-0"]
[WhiteElo "2296"]
[BlackElo "2012"]
[PlyCount "41"]
[EventDate "2022.06.27"]
[EventType "swiss"]
[EventRounds "7"]
[EventCountry "EST"]
[SourceTitle "CBM 209 Extra"]
[Source "ChessBase"]
[SourceDate "2022.09.30"]
[SourceVersion "1"]
[SourceVersionDate "2022.09.30"]
[SourceQuality "1"]

1. d4 Nf6 2. c4 g6 3. Nf3 Bg7 4. g3 0-0 5. Bg2 d6 6. 0-0 Nbd7 7. Nc3 e5 8. e4 c6 9. h3 Qc7 10. Be3 Re8 11. Qc2 Nf8 12. Rfd1 Bd7 13. c5 dxc5 14. dxe5 Nh5 15. g4 Bxe5 16. gxh5 Qc8 17. hxg6 Nxg6 18. Nxe5 Rxe5 19. f4 Bxh3 20. fxe5 Nh4 21. Bg5 1-0

[Event "Arandjelovac ASK-4 IM"]
[Site "Arandjelovac"]
[Date "2022.02.08"]
[Round "3"]
[White "Heimisson, Hilmir Freyr"]
[Black "Pavlidis, Anastasios"]
[Result "1-0"]
[WhiteElo "2312"]
[BlackElo "2337"]
[PlyCount "63"]
[EventDate "2022.02.07"]
[EventType "swiss"]
[EventRounds "9"]
[EventCountry "SRB"]
[SourceTitle "CBM 206 Extra"]
[Source "ChessBase"]
[SourceDate "2022.03.31"]
[SourceVersion "1"]
[SourceVersionDate "2022.03.31"]
[SourceQuality "1"]

1. d4 d6 2. Nf3 Nf6 3. c4 g6 4. g3 Bg7 5. Bg2 0-0 6. Nc3 Nbd7 7. 0-0 e5 8. e4 c6 9. h3 Qb6 10. c5 dxc5 11. dxe5 Ne8 12. Na4 Qa6 13. e6 fxe6 14. Ng5 b5 15. Nc3 Nb6 16. Be3 h6 17. Nf3 b4 18. Ne2 Na4 19. e5 Nxb2 20. Qc2 Nd3 21. Nf4 Nxf4 22. gxf4 Qb7 23. Nh4 a5 24. Nxg6 Rf5 25. Bxc5 Qf7 26. Ne7+ Kh8 27. Rad1 Ba6 28. Rfe1 Nc7 29. Bxc6 Rg8 30. Re3 Bc8 31. Rg3 Nd5 32. Nxf5 1-0

[Event "Arandjelovac ASK-6 GM"]
[Site "Arandjelovac"]
[Date "2022.02.05"]
[Round "8"]
[White "Pavlidis, Anastasios"]
[Black "Stankovic, Milos"]
[Result "0-1"]
[WhiteElo "2337"]
[BlackElo "2412"]
[PlyCount "66"]
[EventDate "2022.01.31"]
[EventType "tourn"]
[EventRounds "9"]
[EventCountry "SRB"]
[EventCategory "6"]
[SourceTitle "CBM 206 Extra"]
[Source "ChessBase"]
[SourceDate "2022.03.31"]
[SourceVersion "1"]
[SourceVersionDate "2022.03.31"]
[SourceQuality "1"]

1. d4 Nf6 2. c4 e6 3. Nf3 Bb4+ 4. Nbd2 a5 5. g3 d5 6. a3 Be7 7. Bg2 0-0 8. 0-0 b6 9. Qc2 Bb7 10. b3 Nbd7 11. Bb2 c5 12. cxd5 exd5 13. Rac1 Re8 14. Rfd1 a4 15. dxc5 bxc5 16. bxa4 Bc6 17. Qf5 Bxa4 18. Ng5 g6 19. Qh3 h5 20. Re1 Rb8 21. Ba1 Ng4 22. Nxf7 Kxf7 23. Bxd5+ Kf8 24. Rc4 Ndf6 25. e4 Nxd5 26. exd5 Bf6 27. Rxe8+ Bxe8 28. Rf4 Bf7 29. Qf1 Bg5 30. Qc4 Bxf4 31. Qxf4 g5 32. Qe4 Qxd5 33. Qh7 Qxd2 0-1

[Event "Arandjelovac ASK-6 GM"]
[Site "Arandjelovac"]
[Date "2022.02.03"]
[Round "5"]
[White "Pavlidis, Anastasios"]
[Black "Bogosavljevic, Boban"]
[Result "0-1"]
[WhiteElo "2337"]
[BlackElo "2523"]
[PlyCount "78"]
[EventDate "2022.01.31"]
[EventType "tourn"]
[EventRounds "9"]
[EventCountry "SRB"]
[EventCategory "6"]
[SourceTitle "CBM 206 Extra"]
[Source "ChessBase"]
[SourceDate "2022.03.31"]
[SourceVersion "1"]
[SourceVersionDate "2022.03.31"]
[SourceQuality "1"]

1. d4 Nf6 2. c4 e6 3. Nf3 d5 4. Nc3 Bb4 5. Qa4+ Nc6 6. e3 0-0 7. Bd2 Re8 8. a3 Bf8 9. Qc2 e5 10. cxd5 Nxd4 11. exd4 exd4+ 12. Ne2 Qxd5 13. Qd3 c5 14. 0-0-0 Bd6 15. Bg5 Bf5 16. Nc3 Bxd3 17. Nxd5 Bxf1 18. Bxf6 Bc4 19. Be7 Bxe7 20. Nc7 Be2 21. Rde1 Bxf3 22. Nxe8 Bg5+ 23. Kb1 Bc6 24. Nd6 d3 25. Ne4 d2 26. Nxg5 dxe1Q+ 27. Rxe1 Bxg2 28. f3 h6 29. Rg1 hxg5 30. Rxg2 f6 31. Rd2 Rf8 32. Kc2 Rf7 33. Rd5 b6 34. a4 Re7 35. Kd3 Kf7 36. a5 Ke6 37. Kc4 b5+ 38. Kxc5 Rc7+ 39. Kd4 Rc4+ 0-1